Do Evropy spoluprací se Západem.
Podpísanie rámcovej zmluvy o kooperácií medzi nemeckou firmou Norgren Martonair a čs. najväčším výrobcom pneumatických prvkov a zariadení - ZPA Prešov. Charakteristika prípravných rokovaní o spolupráci v oblasti výroby i v oblasti predaja a uspokojovania zákazníkov.
Uložené v:
| Hlavný autor: | |
|---|---|
| Médium: | Kapitola |
| Jazyk: | Czech |
| Predmet: | |
| Tagy: |
Žiadne tagy, Buďte prvý, kto otaguje tento záznam!
|
MARC
| LEADER | 00000naa a2200000 4500 | ||
|---|---|---|---|
| 001 | r002474 | ||
| 005 | 20221125075957.8 | ||
| 041 | 0 | |a cze | |
| 044 | |a [CS] | ||
| 245 | 1 | 0 | |a Do Evropy spoluprací se Západem. |c Václav Malý |
| 520 | |a Podpísanie rámcovej zmluvy o kooperácií medzi nemeckou firmou Norgren Martonair a čs. najväčším výrobcom pneumatických prvkov a zariadení - ZPA Prešov. Charakteristika prípravných rokovaní o spolupráci v oblasti výroby i v oblasti predaja a uspokojovania zákazníkov. | ||
| 610 | 2 | 0 | |a kooperácia výroby medzinárodná |
| 610 | 2 | 0 | |a Norgren Martonair |
| 610 | 2 | 0 | |a ZPA Prešov |
| 610 | 2 | 0 | |a zmluvy kooperačné |
| 100 | 1 | |a Malý, Václav | |